| 000 | 01223cam a2200337 a 4500 | ||
|---|---|---|---|
| 001 | 12033710 | ||
| 003 | NUST-PNEC | ||
| 005 | 20170116180739.0 | ||
| 008 | 000607s1999 caua 001 0 eng d | ||
| 010 | _a 00268037 | ||
| 020 | _a1565926277 | ||
| 020 | _a8173661138 | ||
| 035 | _a(OCoLC)ocm42436496 | ||
| 040 |
_aWTU _cPNEC |
||
| 042 | _alccopycat | ||
| 050 | 0 | 0 |
_aQA76.76.O63 _bM376 1999 |
| 082 | 0 | 0 |
_a005.432 MCC _221 |
| 100 | 1 |
_aMcCarty, Bill, _d1953- |
|
| 245 | 1 | 0 |
_aLearning Red Hat Linux / _cBill McCarty. |
| 250 | _a1st ed. | ||
| 260 |
_aSebastopol, CA : _bO'Reilly, _cc1999. |
||
| 300 |
_axiii, 378 p. : _bill. ; _c24 cm. |
||
| 500 | _aIncludes index. | ||
| 516 | _aComputer disc includes the Linux operating system. | ||
| 630 | 0 | 0 | _aLinux. |
| 650 | 0 |
_aOperating systems (Computers) _xComputer, MIS |
|
| 856 | 4 | 2 | _uhttp://www.amazon.com/Learning-Red-Linux-Bill-McCarty/dp/1565926277/ref=sr_1_fkmr1_3?s=books&ie=UTF8&qid=1418248723&sr=1-3-fkmr1&keywords=LEARNING+RED+HAT+LINUX+FIRST+EDITION |
| 906 |
_a7 _bcbc _ccopycat _d2 _encip _f20 _gy-gencatlg |
||
| 942 |
_2ddc _cBK |
||
| 999 |
_c62125 _d62125 |
||